| 000 | 01020nam0a2200289 4500 | ||
|---|---|---|---|
| 001 | RU\NLR\BIBL_A\022540658 | ||
| 005 | 20250806200612.0 | ||
| 035 | _a(NLR Aleph) 022540658 | ||
| 090 |
_a88576 _c88576 |
||
| 100 | _a20250806 rusy50 | ||
| 101 | 0 | _aarm | |
| 102 | _aAM | ||
| 105 | _ay z 000 y | ||
| 181 | 0 |
_ai _baxxe |
|
| 182 | 0 | _an | |
| 200 | 1 |
_aՄի հեծյալ դիվիզիայի մարտական գործերը _fԳ. Քացախյան |
|
| 203 |
_aТекст _bвизуальный _cнепосредственный |
||
| 210 |
_aԵրեվան _cՀայպետհրատ _d1941 |
||
| 215 |
_a5,[1] с. _d21 |
||
| 541 | 1 |
_6z01790 _aБоевые дела одной кабдивизии _eрассказ _zrus |
|
| 700 | 1 |
_aՔացախյան _bԳ. _4340 |
|
| 790 | 1 |
_6z01541 _aКацахян _bГ. _4340 |
|
| 942 | _cBOOK | ||
| 945 |
_aРоссийская национальная библиотека _aНациональная библиотека Армении |
||
| 980 | _aNB | ||
| 980 | _aBV | ||